Código de ética profesional.
Uloženo v:
| Korporativní autor: | |
|---|---|
| Médium: | Kniha |
| Jazyk: | španělština |
| Vydáno: |
Valparaíso, Chile
Colegio de Abogados
1973
|
| Témata: | |
| Tagy: |
Přidat tag
Žádné tagy, Buďte první, kdo vytvoří štítek k tomuto záznamu!
|
MARC
| LEADER | 00000nam a2200000 a 4500 | ||
|---|---|---|---|
| 001 | UCT5621 | ||
| 003 | CL-VaPUC | ||
| 005 | 20240612162204.0 | ||
| 008 | 961216e19730000CL |||||||||||||||||spa|d | ||
| 999 | |c 254513 |d 254511 | ||
| 040 | |c Pontificia Universidad Católica de Valparaíso | ||
| 082 | 0 | 4 | |a 174.3 COL 1973 |2 21 |
| 110 | 2 | |a Colegio de Abogados. Consejo Provincial de Valpo |9 375215 | |
| 245 | 1 | 0 | |a Código de ética profesional. |
| 260 | 0 | 3 | |a Valparaíso, Chile |b Colegio de Abogados |c 1973 |
| 300 | |a 114 páginas. | ||
| 583 | |a last modification |c 19961216 00:00:00 |k Rodrigo Vera | ||
| 650 | 0 | |a Etica profesional |9 255694 | |
| 650 | 0 | |a Abogados |9 256284 | |
| 650 | 0 | |a Códigos |9 352314 | |
| 650 | 0 | |a Sociedades comerciales |9 257290 | |
| 650 | 7 | |a DERECHO PENAL |2 CL-VaPUC |9 11 | |
| 650 | 0 | |a Bancos |9 254963 | |
| 650 | 0 | |a Comercio |9 255341 | |
| 650 | 7 | |a CAPITALES |2 CL-VaPUC |9 375216 | |
| 650 | 0 | |a Delitos |9 224143 | |
| 650 | 0 | |a Gestión administrativa |9 375217 | |
| 650 | 0 | |a Juicios |9 327339 | |
| 942 | |c BK |2 ddc | ||
| 945 | |d 19961216 00:00:00 |a nastorga | ||
| 952 | |0 0 |1 0 |2 ddc |4 0 |6 174_300000000000000_COL_1973 |7 0 |8 A |9 276224 |a BIBDER |b BIBDER |d 2019-11-19 |i 3260577 |o 174.3 COL 1973 |p 3260577 |r 2023-01-25 |t 1 |w 2019-11-19 |y BK |k DER | ||
| 952 | |0 0 |1 0 |2 ddc |4 0 |6 174_300000000000000_COL_1973 |7 0 |8 A |9 276225 |a BIBDER |b BIBDER |d 2019-11-19 |i 3260585 |o 174.3 COL 1973 |p 3260585 |r 2023-01-25 |t 2 |w 2019-11-19 |y BK |k DER | ||